La efectividad por parte de la dirección de investigación judicial de la corte suprema de justicia en el cumplimiento de plazo que establece la ley de la carrera judicial ante las denuncias por retardación de justicia interpuesta contra diferentes jueces de la republica resueltas en el periodo enero a diciembre de 2017. (Registro nro. 11910)

Detalles MARC
000 -LEADER
fixed length control field 00935nam a2200193Ia 4500
005 - FECHA Y HORA DE LA ÚLTIMA TRANSACCIÓN
control field 20240606182932.0
008 - FIXED-LENGTH DATA ELEMENTS--GENERAL INFORMATION
fixed length control field 240604s9999 xx 000 0 und d
040 ## - CATALOGING SOURCE
Original cataloging agency UPAN
Transcribing agency Biblioteca San Vicente
Description conventions RCAA2
041 ## - LANGUAGE CODE
Language code of text/sound track or separate title spa
082 ## - DEWEY DECIMAL CLASSIFICATION NUMBER
Classification number 345.052
Item number Bel
año de publicación 2019
100 ## - MAIN ENTRY--PERSONAL NAME
Personal name Beltrán chicas, José Gregorio
Relator code aut.
245 #0 - TITLE STATEMENT
Title La efectividad por parte de la dirección de investigación judicial de la corte suprema de justicia en el cumplimiento de plazo que establece la ley de la carrera judicial ante las denuncias por retardación de justicia interpuesta contra diferentes jueces de la republica resueltas en el periodo enero a diciembre de 2017.
260 ## - PUBLICATION, DISTRIBUTION, ETC. (IMPRINT)
Place of publication, distribution, etc San Vicente:
Name of publisher, distributor, etc Universidad Panamericana,
Date of publication, distribution, etc 2019
300 ## - PHYSICAL DESCRIPTION
Extent 150 p.;
Dimensions 28 cm.
650 ## - SUBJECT ADDED ENTRY--TOPICAL TERM
Source of heading or term LEMB
Topical term or geographic name as entry element Investigación judicial
General subdivision Corte suprema de justicia
9 (RLIN) 3
700 ## - ADDED ENTRY--PERSONAL NAME
Personal name Grande, Jorge Alberto;
Relator code aut.
700 ## - ADDED ENTRY--PERSONAL NAME
Personal name Calderón Santos, Guillermo José
Relator code aut.
942 ## - ADDED ENTRY ELEMENTS (KOHA)
Koha item type Libros
Source of classification or shelving scheme Dewey Decimal Classification
Existencias
Withdrawn status Lost status Source of classification or shelving scheme Damaged status Not for loan Collection code Home library Current library Date acquired Total Checkouts Full call number Barcode Date last seen Copy number Price effective from Koha item type
    Dewey Decimal Classification     Tesario Biblioteca UPAN San Vicente Biblioteca UPAN San Vicente 04/06/2024   345.052 Bel 12101719 04/06/2024 01 04/06/2024 Trabajos de Grado